Quizzes
Events
Quiz Creation
Community
Videos
Private Events
Remove Ads
Sign In
Join for FREE
Feedback
Dark Mode
Quiz Categories
Sports
Geography
Music
Movies
Television
Just For Fun
Miscellaneous
History
Literature
Language
Science
Gaming
Entertainment
Religion
Holiday
For Kids
Quiz Lab
Recent
Popular Today
Quiz Kudos Today
Editor Picks
Curator Picks
Quizzes by...
Day
Popularity
Type
Ratings
Length
Year
Community
Subscriptions
Recent Discussions
Orange Saloon
Badges
Playlists
Quests
Create
Leaderboards
Showdown
Live 5
Trivia Bingo
Activity
Puzzle Library
Sporcle Events
Private Events
Virtual Trivia
Globe League
Become a Host
Pub Owners
SporcleCon
Opinionation
Our Games
Videos
Blog
Mobile Apps
Partnerships
Remove Ads and Go Orange
Feedback
Music
Pop Music
The Beatles
Song
Album
Lyrics
Bands
Singers
Artist
Clip
Rock
Rap
Classical
Billboard
Country Music
Kpop
Taylor Swift
Music
Pop Music
The Beatles
Song
Album
Lyrics
Bands
Singers
Artist
Clip
Rock
Rap
Classical
Billboard
Country Music
Kpop
Taylor Swift
Random Quiz
Search Sporcle
×
Quiz Lab
Quiz Lab
Music
Bands
Type in answers that appear in a list
Type in answers that appear in a list
Classic
Best Score? Go Orange.
Kerrang! The 50 greatest Rockstars in the world today (2011) Stats
Can you name the Kerrang! The 50 greatest Rockstars in the world today (2011)?
By
goldenlover
7m
50 Questions
313 Plays
313 Plays
313 Plays
Comments
Comments
Give Quiz Kudos
Give Quiz Kudos
-
- Ratings
hide this ad
More Info
Replay
Link that replays current quiz
Next Quiz
Link to next quiz in quiz playlist
You Got
0%
They Got
Avg Score
29%
Avg Friend Score
Upgrade to see
Score Distribution
Jump to the score distribution portion of the page
Score
0/50
Timer
07:00
0
Plays Today
Position
Rockstar
% Correct
9
Dave Grohl
78.9%
10
Billie Joe Armstrong
73.8%
7
Hayley Williams
63.3%
13
Gene Simmons
61.3%
27
Jared Leto
59.7%
6
Lemmy
56.5%
8
Corey Taylor
55.9%
15
Angus Young
55%
3
Lars Ulrich
53.7%
2
Oli Sykes
49.2%
14
Matt Bellamy
46.3%
40
Flea
44.4%
35
Josh Homme
38.3%
24
Trent Reznor
37.7%
5
Frank Iero
36.7%
33
Nikki Sixx
36.4%
25
Iggy Pop
36.1%
16
Andy Biersack
35.8%
22
Simon Neil
33.9%
17
Ian Watkins
33.5%
18
Rivers Cuomo
31.3%
29
Ronnie Radke
31%
20
Alex Gaskarth
29.7%
45
Justin Hawkins
24%
21
Kerry King
23.6%
Position
Rockstar
% Correct
32
Jacoby Shaddix
23.3%
26
Wes Borland
22.7%
28
Zack De La Rocha
21.7%
23
Maynard James Keenan
21.4%
46
Devin Townsend
21.4%
44
Rou Reynolds
20.4%
4
Frank Carter
18.8%
49
Mitch Lucker
18.2%
48
Mike Patton
17.9%
39
Chino Moreno
17.3%
42
Josh Franceschi
16.3%
34
Till Lindemann
16%
1
Jason Aalon Butler
13.4%
30
Marilyn Manson
12.1%
11
Benji Webbe
11.5%
19
Craig Owens
9.9%
41
Austin Dickinson
8.6%
12
Eva Spence
8.3%
31
Axl Rose
6.4%
47
Ian Mackaye
5.8%
28
Romily Alice
5.4%
50
Alexis Brown
4.2%
36
Ol Drake
3.5%
43
Erik Danielsson
3.2%
37
Hyro Da Hero
2.6%
Quiz Playlist
Details
Report
Send in Message
Add To Playlist
More Info:
Prepare to be surpirsed
Classic:
Type in answers that appear in a list
Last Updated: Feb 16, 2017
Quiz Scoreboard
CHALLENGE
Sign Up to Join the Scoreboard
Show All
Scores
Hide
Comments
May contain spoilers
Recently Published
One Thing in Common: World Cities II
by knightlancer
Geography
7m
Popular People in 1961
by mucciniale
History
6m
1-10 Letter E Words III
by El_Dandy
Language
2m
More to Explore
Quiz From the Vault
Featured Blog Post
Where Did the Easter Bunny Come From?
hide this ad
You Might Also Like...
Tags
Bands Quiz
Football Quiz
World Quiz
2011
greatest
Kerrang
Rockstar
Today
Today's Top Quizzes in Music
Browse Music
hide this ad
Today's Top Quizzes in Bands
Browse Bands
Top Contributed Quizzes in Music
1
Taylor Swift All Songs (2024)
2
2010s Album by Cover III
3
Taylor Swift Logic Puzzle
4
One Thing in Common: Music
5
Guess the Artist- 70s Songs
6
Guess the Taylor Swift song (Mystery Song)
7
2010s Album by Cover V
8
2010s Album by Cover IV
9
Lana Del Rey Discography (BTD to DYKTTATUOB)
10
KPOP LOGIC QUIZ
Explore More
Trending Topics
Anime
NBA
Kpop
Harry Potter
Marvel
Disney
Crossword
The Office
WWE
Puzzle
Pokémon
Country
Song
NFL
Soccer
hide this ad
More By:
goldenlover
Quiz
Plays
Rating
Category
Featured
Created
First Lines (My Chemical Romance)
2,068
4.67
Music
Feb 23, 2012
All Time Low Song Antonyms
1,944
3.50
Music
Nov 17, 2011
Kerrang Top 100 Rock Songs EVER (2011)
955
4.25
Music
Jul 22, 2011
Kerrang! Rock 100 (2012)
791
3.60
Music
Apr 11, 2012
All Time Low - Dirty Work
755
3.00
Music
Aug 20, 2011
Go to Creator's Profile
Score Distribution
Quiz Creator Spotlight
goldenlover
Follow
Send a Message
Quizzes Created
-
Created Quiz Play Count
-
More By This Creator
Popular Quizzes Today
1
Find the US States - No Outlines Minefield
2
The Countries of the World
3
Popular People in 1961
4
Find the Countries of Europe - No Outlines Minefield
5
1-10 Letter E Words III
6
Find the US States
7
One Thing in Common: World Cities II
8
US States
More Music Quizzes
Betty, Dorothea, or Marjorie?
Curator's Pick
Trending Quizzes
1-10 Letter F Words
1-10 Letter G Words
Risky Map Clicking: Next State Alphabetically
1-10 Letter F Words II
Risky Map Clicking: States by Unique Starting Letters
Recently Updated
Leaping Animals
pecheneg
Reality TV Shows (A-Z)
bhenderson79
Rickey Henderson's Hall of Fame Teammates
pecheneg
Champions League XIs: Arsenal
pecheneg
Quick Pick: Celebrities in WWE's Hall of Fame
aduchscher
A-Z Keypad Blitz II
pecheneg
Multiple Oscar Actors
pecheneg
Mystery Phrase Blitz: Oscar 'Best Actors'
pecheneg
F. Scott Fitzgerald Novels
LTH
Pick 3 Villains
ddd62291
Trending Topics
Crossword
NBA
Disney
Kpop
Harry Potter
Anime
Marvel
Song
The Office
Soccer
Pokémon
Country
NFL
WWE
Puzzle
Your Account Isn't Verified!
In order to create a playlist on Sporcle, you need to verify the email address you used during registration. Go to your
Sporcle Settings
to finish the process.
Report this User
Report this user for behavior that violates our
Community Guidelines
.
Details:
Send Report
Go to the Sporcle.com Mobile Site →
Comments